Geography Trivia - Statistics

General Stats
  • This quiz has been taken 89 times
  • The average score is 26 of 30
Answer Stats
Questions Answer % Correct
Which country has the largest population in the world? India
100%
Which country is home to the ancient ruins of Machu Picchu? Peru
97%
Which country has the Great Wall? China
96%
Which country has the capital city of Cairo? Egypt
96%
Which country is the smallest in the world by both area and population? Vatican City
96%
Which country is home to the Great Barrier Reef? Australia
95%
Which country has the longest coastline in the world? Canada
95%
Which country has three capital cities: Pretoria, Bloemfontein, and Cape Town? South Africa
95%
Which European country shares borders with both Germany and Spain? France
94%
Which country is shaped like a boot? Italy
94%
Which country is the birthplace of samba and Carnival? Brazil
92%
Which country is known as the “Land of the Rising Sun”? Japan
91%
Which country is home to the world’s tallest building, the Burj Khalifa? United Arab Emirates
91%
Which landlocked country in South America is home to Lake Titicaca? Bolivia
90%
Which Asian country has the most islands in the world? Indonesia
90%
Which European microstate is known for its casinos and Formula 1 race? Monaco
90%
Which country is the only one in the world whose flag is not square or rectangular? Nepal
90%
Which country is home to Transylvania, the land of Dracula legends? Romania
90%
Which country controls Greenland? Denmark
88%
Which country was formerly known as Persia? Iran
88%
Which country has the city of Nairobi? Kenya
88%
Which country in Africa is the only one that borders both the Atlantic Ocean and the Mediterranean Sea? Morocco
88%
Which country is an island nation in the Indian Ocean, famous for vanilla and lemurs? Madagascar
87%
Which European country has the cities of Bruges, Ghent, and Antwerp? Belgium
85%
Which country is home to the Serengeti and Mount Kilimanjaro? Tanzania
83%
In which country would you find the ancient city of Petra? Jordan
81%
Which country in the Middle East has the capital city of Muscat? Oman
79%
Which Asian country’s flag features a dragon? Bhutan
74%
Which country is home to the ancient city of Timbuktu? Mali
63%
Which country has the longest official name in the world? United Kingdom
42%
No matching quizzes found
Score Distribution
Percent of People with Each Score
Percentile by Number Answered
Your Score History
You have not taken this quiz